District energy trends, issues, and opportunities : The role of the World Bank
Đã lưu trong:
| Príomhúdar: | |
|---|---|
| Formáid: | Leabhar |
| Teanga: | Undetermined |
| Foilsithe: |
Washington, D. C.
The World Bank
2001
|
| Ábhair: | |
| Clibeanna: |
Cuir Clib Leis
Gan Chlibeanna, Bí ar an gcéad duine leis an taifead seo a chlibeáil!
|
| Thư viện lưu trữ: | Trung tâm Học liệu Trường Đại học Cần Thơ |
|---|
| LEADER | 00583nam a2200205Ia 4500 | ||
|---|---|---|---|
| 001 | CTU_61724 | ||
| 008 | 210402s9999 xx 000 0 und d | ||
| 082 | |a 333.793 | ||
| 082 | |b G576 | ||
| 100 | |a Gochenour, Carolyn | ||
| 245 | 0 | |a District energy trends, issues, and opportunities : | |
| 245 | 4 | |b The role of the World Bank | |
| 245 | 0 | |c Carolyn Gochenour | |
| 260 | |a Washington, D. C. | ||
| 260 | |b The World Bank | ||
| 260 | |c 2001 | ||
| 650 | |a World bank | ||
| 650 | |x Customer services | ||
| 904 | |i Minh,Hải | ||
| 980 | |a Trung tâm Học liệu Trường Đại học Cần Thơ | ||